Red Arctic (Record no. 576934)

MARC details
000 -LEADER
fixed length control field 00535nam a2200169Ia 4500
008 - FIXED-LENGTH DATA ELEMENTS--GENERAL INFORMATION
fixed length control field 250723s9999 xx 000 0 und d
020 ## - INTERNATIONAL STANDARD BOOK NUMBER
ISBN 9780195114362
082 ## - DEWEY DECIMAL CLASSIFICATION NUMBER
Classification number 947
Item number MCC
100 ## - MAIN ENTRY--AUTHOR NAME
Personal name McCannon, John
245 #0 - TITLE STATEMENT
Title Red Arctic
260 ## - PUBLICATION, DISTRIBUTION, ETC. (IMPRINT)
Year of publication 1998
300 ## - PHYSICAL DESCRIPTION
Number of Pages 255 pages
500 ## - GENERAL NOTE
General note McCannon also exposes the reality behind these exploits: chaotic blunders, bureaucratic competition, and the eventual rise of the GULAG as the dominant force in the North.
650 ## - SUBJECT ADDED ENTRY--TOPICAL TERM
Topical Term History
942 ## - ADDED ENTRY ELEMENTS (KOHA)
Koha item type English Books
Holdings
Withdrawn status Lost status Damaged status Not for loan Home library Current library Shelving location Date acquired Full call number Accession Number Price effective from Koha item type
        Anna Centenary Library Anna Centenary Library 7TH FLOOR, B WING 23.07.2025 947 MCC 281957 23.07.2025 English Books

Find us on the map